[Event "34th European Club Cup 2018"]
[Site "Halkidiki"]
[Date "2018.10.13"]
[Round "2"]
[White "Sagit, Rauan"]
[Black "Ris, Robert"]
[Result "1-0"]
[WhiteElo "2434"]
[BlackElo "2435"]
[Annotator "NA"]
[PlyCount "87"]
[EventDate "2018.10.12"]
[EventType "team-tourn"]
[EventCountry "GRE"]
[SourceTitle "playchess.com"]
[Source "ChessBase"]
[SourceQuality "1"]
[WhiteTeam "Team Viking"]
[BlackTeam "BSG"]

1. Nf3 Nf6 2. g3 g6 3. b3 Bg7 4. Bb2 O-O 5. Bg2 c5 6. c4 Nc6 7. O-O d6 8. d4 cxd4 9. Nxd4 Bd7 10. e3 Qa5 11. Bc3 Qb6 12. Nd2 a6 13. a4 e5 14. a5 Qc7 15. Nc2 Bg4 16. Qc1 Bf5 17. e4 Bd7 18. Qa3 Rfd8 19. b4 Rac8 20. Qb2 Na7 21. Ra3 Be6 22. Ne3 Bh6 23. f4 Ng4 24. Nd5 Bxd5 25. exd5 Ne3 26. fxe5 Nxf1 27. exd6 Qxd6 28. Ne4 Qc7 29. Bxf1 f5 30. Be5 Qe7 31. Nf6+ Kf7 32. Nxh7 Re8 33. Bd4 Nb5 34. cxb5 Rc1 35. Bf2 Rec8 36. Qd4 Qe2 37. Qf6+ Kg8 38. Qxg6+ Bg7 39. Nf6+ Kf8 40. Nh7+ Kg8 41. Nf6+ Kf8 42. Nd7+ Kg8 43. Qe6+ Qxe6 44. dxe6 1-0

[Event "34th European Club Cup 2018"]
[Site "Halkidiki"]
[Date "2018.10.13"]
[Round "2"]
[White "Thorfinnsson, Bragi"]
[Black "Vogt, Lothar"]
[Result "1-0"]
[WhiteElo "2433"]
[BlackElo "2368"]
[Annotator "NA"]
[PlyCount "81"]
[EventDate "2018.10.12"]
[EventType "team-tourn"]
[EventCountry "GRE"]
[SourceTitle "playchess.com"]
[Source "ChessBase"]
[SourceQuality "1"]
[WhiteTeam "Reykjavik"]
[BlackTeam "Zurich"]

1. d4 Nf6 2. Nf3 g6 3. Bg5 Bg7 4. c3 O-O 5. Nbd2 d6 6. e3 b6 7. Qc2 Bb7 8. Bc4 Nbd7 9. h4 d5 10. Be2 Qe8 11. Bf4 c5 12. Ne5 Nxe5 13. Bxe5 Ne4 14. Bxg7 Kxg7 15. Nxe4 dxe4 16. dxc5 bxc5 17. O-O-O Qc6 18. h5 Rad8 19. h6+ Kg8 20. Rxd8 Rxd8 21. Rd1 Rd6 22. Bc4 e6 23. Qb3 Rxd1+ 24. Qxd1 Qc7 25. Qa4 Bc6 26. Bb5 Bxb5 27. Qxb5 Kf8 28. Kc2 f5 29. Qc4 Ke7 30. b4 Kd6 31. Qa6+ Ke5 32. Qb5 Kd6 33. Kb3 cxb4 34. Kxb4 e5 35. c4 Ke6 36. Qa6+ Ke7 37. Qa5 Qd6+ 38. Qc5 f4 39. Qxd6+ Kxd6 40. Kb5 g5 41. g4 1-0

[Event "34th European Club Cup 2018"]
[Site "Halkidiki"]
[Date "2018.10.13"]
[Round "2"]
[White "Lauber, Arnd"]
[Black "David, Alberto"]
[Result "1/2-1/2"]
[WhiteElo "2431"]
[BlackElo "2561"]
[Annotator "TA"]
[PlyCount "107"]
[EventDate "2018.10.12"]
[EventType "team-tourn"]
[EventCountry "GRE"]
[SourceTitle "playchess.com"]
[Source "ChessBase"]
[SourceQuality "1"]
[WhiteTeam "Berlin"]
[BlackTeam "Padova"]

1. d4 Nf6 2. c4 e6 3. Nc3 Bb4 4. e3 O-O 5. Bd3 c5 6. Nf3 d5 7. O-O cxd4 8. exd4 dxc4 9. Bxc4 b6 10. Bg5 Bb7 11. Re1 Nc6 12. a3 Be7 13. Qd3 h6 14. Bf4 Bd6 15. Ne5 Nh5 16. Bc1 Rc8 17. Nxc6 Bxc6 18. d5 exd5 19. Bxd5 Nf6 20. Rd1 Nxd5 21. Nxd5 Re8 22. Be3 Qh4 23. Nf6+ Qxf6 24. Qxd6 Re6 25. Qg3 Rce8 26. h3 Qe7 27. Rd4 Be4 28. Qf4 Rf6 29. Qh4 Bxg2 30. Kxg2 Qb7+ 31. Kh2 Qc7+ 32. Qg3 Qc2 33. Rg4 g5 34. Rc1 Qe2 35. Rg1 Rxe3 36. Rxg5+ hxg5 37. Qxg5+ Rg6 38. Qxe3 Qxb2 39. Rxg6+ fxg6 40. Qe8+ Kh7 41. Qe7+ Qg7 42. Qh4+ Kg8 43. Qd8+ Qf8 44. Qd5+ Kh7 45. Qd7+ Kh6 46. Qd2+ g5 47. Qb2 Qd6+ 48. Kg2 Qd5+ 49. f3 Kg6 50. Qc2+ Kf6 51. Qc3+ Kg6 52. Qc2+ Kf6 53. Qc3+ Kg6 54. Qc2+ 1/2-1/2

[Event "34th European Club Cup 2018"]
[Site "Halkidiki"]
[Date "2018.10.13"]
[Round "2"]
[White "Zelbel, Patrick"]
[Black "Haug, Johannes"]
[Result "1-0"]
[WhiteElo "2429"]
[BlackElo "2391"]
[Annotator "TA"]
[PlyCount "39"]
[EventDate "2018.10.12"]
[EventType "team-tourn"]
[EventCountry "GRE"]
[SourceTitle "playchess.com"]
[Source "ChessBase"]
[SourceQuality "1"]
[WhiteTeam "Eynatten"]
[BlackTeam "Nordstrand"]

1. d4 Nf6 2. c4 e6 3. Nf3 d5 4. Nc3 Bb4 5. cxd5 exd5 6. Bf4 O-O 7. e3 c5 8. Bd3 Bg4 9. a3 Bxc3+ 10. bxc3 Qa5 11. O-O c4 12. Bc2 Ne4 13. Qb1 Bxf3 14. gxf3 Nxc3 15. Qxb7 Na6 16. Rfe1 Qb5 17. Qxb5 Nxb5 18. Ba4 Nac7 19. Bxb5 Nxb5 20. a4 1-0

[Event "34th European Club Cup 2018"]
[Site "Halkidiki"]
[Date "2018.10.13"]
[Round "2"]
[White "Thorfinnsson, Bjorn"]
[Black "Salihu, Sami"]
[Result "1-0"]
[WhiteElo "2414"]
[BlackElo "2182"]
[Annotator "TA"]
[PlyCount "77"]
[EventDate "2018.10.12"]
[EventType "team-tourn"]
[EventCountry "GRE"]
[SourceTitle "playchess.com"]
[Source "ChessBase"]
[SourceQuality "1"]
[WhiteTeam "Viking CC"]
[BlackTeam "Dardania"]

1. d4 d5 2. c4 e6 3. Nf3 c6 4. e3 Bd6 5. Qc2 f5 6. Bd3 Nf6 7. cxd5 cxd5 8. O-O Nc6 9. a3 O-O 10. b4 Bd7 11. Bb2 Rc8 12. Qe2 Ne4 13. Ne5 a5 14. f3 Ng5 15. Nxd7 Qxd7 16. bxa5 Nxa5 17. Nd2 Qc7 18. h4 Bh2+ 19. Kh1 Qg3 20. Qe1 Nf7 21. f4 Qxe1 22. Rfxe1 Bg3 23. Rec1 Bxh4 24. Bc3 Bd8 25. Bb4 Rxc1+ 26. Rxc1 Re8 27. Bb5 Nc6 28. Bxc6 bxc6 29. Rxc6 g5 30. Rc8 gxf4 31. exf4 Kg7 32. a4 Rh8 33. Nb3 Bb6 34. Rxh8 Kxh8 35. a5 Ba7 36. Bc5 Bb8 37. a6 Kg7 38. Na5 Nd8 39. Bb6 1-0

[Event "34th European Club Cup 2018"]
[Site "Halkidiki"]
[Date "2018.10.13"]
[Round "2"]
[White "Willemze, Thomas"]
[Black "Lindberg, Bo"]
[Result "0-1"]
[WhiteElo "2408"]
[BlackElo "2379"]
[Annotator "TA"]
[PlyCount "88"]
[EventDate "2018.10.12"]
[EventType "team-tourn"]
[EventCountry "GRE"]
[SourceTitle "playchess.com"]
[Source "ChessBase"]
[SourceQuality "1"]
[WhiteTeam "BSG"]
[BlackTeam "Team Viking"]

1. e4 Nc6 2. Nf3 d6 3. d4 Nf6 4. Nc3 g6 5. h3 Bg7 6. Bg5 O-O 7. Qd2 a6 8. a4 Qe8 9. d5 Nd8 10. Be2 e5 11. g4 b6 12. Nh4 Nb7 13. f3 Kh8 14. a5 b5 15. Na2 Bd7 16. Nb4 Nc5 17. Be3 Ng8 18. Nd3 Qe7 19. Nxc5 dxc5 20. Ng2 f5 21. O-O Nf6 22. Rad1 fxe4 23. d6 cxd6 24. Qxd6 Qxd6 25. Rxd6 exf3 26. Rxf3 Bc8 27. Bxc5 Bb7 28. Re6 Bxf3 29. Bxf3 Rfe8 30. Rxe8+ Rxe8 31. Bb7 Nd7 32. Bf2 Rb8 33. Bc6 Nf8 34. Ne3 Ne6 35. Nd5 Nf4 36. Ba7 Rc8 37. Bb7 Rxc2 38. Nxf4 Rc7 39. Bb6 Rxb7 40. Ne6 e4 41. Kf2 Bxb2 42. Ke3 Re7 43. Nc7 Bc1+ 44. Ke2 Rxc7 0-1

[Event "34th European Club Cup 2018"]
[Site "Halkidiki"]
[Date "2018.10.13"]
[Round "2"]
[White "Wegerle, Joerg"]
[Black "Zumsande, Martin"]
[Result "1/2-1/2"]
[WhiteElo "2405"]
[BlackElo "2492"]
[Annotator "TA"]
[PlyCount "61"]
[EventDate "2018.10.12"]
[EventType "team-tourn"]
[EventCountry "GRE"]
[SourceTitle "playchess.com"]
[Source "ChessBase"]
[SourceQuality "1"]
[WhiteTeam "Solingen"]
[BlackTeam "Bremen"]

1. d4 d5 2. Nf3 Nf6 3. c4 c6 4. Nc3 a6 5. cxd5 cxd5 6. Bf4 Nc6 7. Rc1 Bf5 8. a3 e6 9. e3 Bd6 10. Bxd6 Qxd6 11. Bd3 Bxd3 12. Qxd3 O-O 13. O-O b5 14. a4 bxa4 15. Nxa4 Rfb8 16. Qc3 Nb4 17. Ne5 Nd7 18. Nxd7 Qxd7 19. Qa3 Qb5 20. Rc5 Qe2 21. Rc7 a5 22. Nc5 Na6 23. Nxa6 Qxa6 24. Qe7 Rf8 25. h3 Rab8 26. Ra7 Qe2 27. Rxa5 Rxb2 28. Ra7 h6 29. Rd7 Qc2 30. Rd8 Rxd8 31. Qxd8+ 1/2-1/2

[Event "34th European Club Cup 2018"]
[Site "Halkidiki"]
[Date "2018.10.13"]
[Round "2"]
[White "Dionisi, Thomas"]
[Black "Corvi, Marco"]
[Result "1-0"]
[WhiteElo "2398"]
[BlackElo "2316"]
[Annotator "TA"]
[PlyCount "87"]
[EventDate "2018.10.12"]
[EventType "team-tourn"]
[EventCountry "GRE"]
[SourceTitle "playchess.com"]
[Source "ChessBase"]
[SourceQuality "1"]
[WhiteTeam "Bois-Colombes"]
[BlackTeam "Lazio ASD"]

1. e4 c5 2. Nf3 g6 3. c3 Bg7 4. d4 cxd4 5. cxd4 d5 6. e5 Bg4 7. Bb5+ Nd7 8. O-O e6 9. Nbd2 Ne7 10. h3 Bxf3 11. Nxf3 a6 12. Bd3 Qb6 13. Be3 O-O 14. Qd2 Nc6 15. Rad1 Qa5 16. Bb1 Qxd2 17. Nxd2 Na5 18. f4 f5 19. g4 Bh6 20. Kg2 Rac8 21. Kg3 Nb6 22. Nf3 Na4 23. Rf2 b5 24. Rg1 fxg4 25. hxg4 Nc4 26. Bc1 Ncb6 27. g5 Bg7 28. Rh1 Rf7 29. Rfh2 Rfc7 30. Be3 Bf8 31. Bd3 Nc4 32. Bc1 Nxe5 33. Nxe5 Rxc1 34. Bxg6 Rxh1 35. Bf7+ Kg7 36. Rxh1 Nxb2 37. Bxe6 Rc3+ 38. Kg4 Nc4 39. Nxc4 Rxc4 40. Bf5 h6 41. Rxh6 Rxd4 42. Rh7+ Kg8 43. Rd7 Bg7 44. g6 1-0

[Event "34th European Club Cup 2018"]
[Site "Halkidiki"]
[Date "2018.10.13"]
[Round "2"]
[White "Vucinic, Gojko"]
[Black "Goganov, Aleksey"]
[Result "1/2-1/2"]
[WhiteElo "2398"]
[BlackElo "2592"]
[Annotator "TA"]
[PlyCount "110"]
[EventDate "2018.10.12"]
[EventType "team-tourn"]
[EventCountry "GRE"]
[SourceTitle "playchess.com"]
[Source "ChessBase"]
[SourceQuality "1"]
[WhiteTeam "Itaka"]
[BlackTeam "St.Petersburg"]

1. e4 e5 2. Nf3 Nc6 3. Bb5 a6 4. Ba4 Nf6 5. O-O Be7 6. d3 d6 7. c4 Bg4 8. h3 Bxf3 9. Qxf3 O-O 10. Bxc6 bxc6 11. Nc3 Nd7 12. Be3 Bg5 13. Na4 c5 14. Qg4 Bf6 15. a3 Rb8 16. b4 cxb4 17. axb4 Rxb4 18. Nc3 Rb3 19. Nd5 c6 20. Qd1 Qb8 21. Nxf6+ Nxf6 22. Rxa6 Rc8 23. Qc2 h6 24. Rfa1 Rb2 25. Qa4 Rb1+ 26. Kh2 Rxa1 27. Qxa1 Nd7 28. Qa3 Nf8 29. Rb6 Qc7 30. Qa6 Ne6 31. Rb7 Qd8 32. Ra7 c5 33. g3 Rb8 34. Kg2 Qf6 35. Rd7 Rd8 36. Qb7 Rxd7 37. Qxd7 Qd8 38. Qc6 Qe7 39. Qc8+ Kh7 40. Qc6 g6 41. f4 exf4 42. Bxf4 Qf6 43. Be3 Qb2+ 44. Bf2 Qe2 45. Qxd6 Ng5 46. h4 Qf3+ 47. Kf1 Nh3 48. Qxc5 Qxd3+ 49. Kg2 Qxe4+ 50. Kf1 Qh1+ 51. Ke2 Qg2 52. Ke1 Qe4+ 53. Kf1 Qh1+ 54. Ke2 Qg2 55. Ke1 Qh1+ 1/2-1/2

[Event "34th European Club Cup 2018"]
[Site "Halkidiki"]
[Date "2018.10.13"]
[Round "2"]
[White "Buscher, Michael"]
[Black "Tsarouhas, Konstantinos"]
[Result "1/2-1/2"]
[WhiteElo "2393"]
[BlackElo "2154"]
[Annotator "TA"]
[PlyCount "109"]
[EventDate "2018.10.12"]
[EventType "team-tourn"]
[EventCountry "GRE"]
[SourceTitle "playchess.com"]
[Source "ChessBase"]
[SourceQuality "1"]
[WhiteTeam "Echiquier Amaytois"]
[BlackTeam "Chania CA"]

1. e4 c5 2. Nf3 e6 3. c3 Nf6 4. e5 Nd5 5. Bc4 Nb6 6. Bb3 d6 7. exd6 Nc6 8. d4 cxd4 9. Nxd4 Nxd4 10. Qxd4 Qxd6 11. Be3 Qxd4 12. Bxd4 Bd6 13. Nd2 O-O 14. Rd1 e5 15. Bxb6 axb6 16. Nc4 Bc7 17. Nd6 Be6 18. Bxe6 fxe6 19. a3 Rad8 20. Ne4 Rd5 21. Ke2 b5 22. Rd3 Bb6 23. Rhd1 Rfd8 24. f3 Kf7 25. Ng3 Kf6 26. Nf1 h5 27. Ne3 Bxe3 28. Kxe3 Kf5 29. g3 Rxd3+ 30. Rxd3 Rxd3+ 31. Kxd3 e4+ 32. Ke3 exf3 33. Kxf3 Ke5 34. b3 g5 35. h3 Kd5 36. Ke3 Ke5 37. Kd3 Kd5 38. Ke3 Ke5 39. Kf3 Kf5 40. c4 bxc4 41. bxc4 Ke5 42. Ke3 g4 43. h4 Kd6 44. Kf4 e5+ 45. Kf5 Kc5 46. Kxe5 Kxc4 47. Kf5 Kd4 48. Kg5 Ke4 49. Kxh5 Kf3 50. Kg6 Kxg3 51. h5 Kf4 52. h6 g3 53. h7 g2 54. h8=Q g1=Q+ 55. Kf7 1/2-1/2

[Event "34th European Club Cup 2018"]
[Site "Halkidiki"]
[Date "2018.10.13"]
[Round "2"]
[White "Aabling-Thomsen, Jakob"]
[Black "Saraci, Nderim"]
[Result "1-0"]
[WhiteElo "2388"]
[BlackElo "2402"]
[Annotator "TA"]
[PlyCount "89"]
[EventDate "2018.10.12"]
[EventType "team-tourn"]
[EventCountry "GRE"]
[SourceTitle "playchess.com"]
[Source "ChessBase"]
[SourceQuality "1"]
[WhiteTeam "Bronshoj"]
[BlackTeam "Drejtesia"]

1. d4 Nf6 2. Nf3 e6 3. Bg5 d5 4. Nbd2 Be7 5. Bxf6 Bxf6 6. e4 dxe4 7. Nxe4 Nd7 8. Bd3 Be7 9. Qe2 Nf6 10. O-O-O Nxe4 11. Bxe4 c6 12. Ne5 Bd6 13. Rd3 Qg5+ 14. Kb1 Bd7 15. Rg3 Qh6 16. Rb3 Bxe5 17. dxe5 O-O-O 18. g3 Kc7 19. f4 Bc8 20. h4 Rd4 21. Rd1 Rhd8 22. Rbd3 Rxd3 23. Rxd3 f5 24. exf6 Rxd3 25. Bxd3 gxf6 26. Qe4 f5 27. Qe5+ Kd8 28. Qd4+ Kc7 29. Qxa7 Qg7 30. Qa5+ Kd7 31. Qe1 Kd6 32. a3 Qd4 33. Qd1 Kc7 34. Qh5 Qg1+ 35. Ka2 Qxg3 36. Qxh7+ Bd7 37. Qh6 e5 38. fxe5 Qxe5 39. Qg5 Kd6 40. h5 f4 41. Qh4 Bf5 42. Qd8+ Bd7 43. Qf8+ Kc7 44. h6 Be6+ 45. b3 1-0

[Event "34th European Club Cup 2018"]
[Site "Halkidiki"]
[Date "2018.10.13"]
[Round "2"]
[White "Ballmann, Martin"]
[Black "Huzman, Alexander"]
[Result "0-1"]
[WhiteElo "2381"]
[BlackElo "2571"]
[Annotator "TA"]
[PlyCount "58"]
[EventDate "2018.10.12"]
[EventType "team-tourn"]
[EventCountry "GRE"]
[SourceTitle "playchess.com"]
[Source "ChessBase"]
[SourceQuality "1"]
[WhiteTeam "Winterthur"]
[BlackTeam "Beer Sheva"]

1. d4 Nf6 2. Bg5 Ne4 3. Bf4 c5 4. f3 Qa5+ 5. c3 Nf6 6. Nd2 cxd4 7. Nc4 Qd8 8. cxd4 g6 9. Qd2 d6 10. e3 Bg7 11. O-O-O O-O 12. Kb1 Be6 13. Na3 Nd5 14. Bg5 h6 15. Bh4 f5 16. Bc4 Nd7 17. e4 fxe4 18. fxe4 Nc7 19. Qe2 Kh7 20. Nf3 Nb6 21. Bd3 Qd7 22. h3 a6 23. d5 Bg8 24. Rhe1 Na4 25. e5 Nxd5 26. Qc2 Rac8 27. Bxg6+ Kh8 28. Qd2 Qe6 29. Bd3 Ne3 0-1

[Event "34th European Club Cup 2018"]
[Site "Halkidiki"]
[Date "2018.10.13"]
[Round "2"]
[White "Van Delft, Merijn"]
[Black "Bremner, Adam"]
[Result "1-0"]
[WhiteElo "2381"]
[BlackElo "2212"]
[Annotator "NA"]
[PlyCount "91"]
[EventDate "2018.10.12"]
[EventType "team-tourn"]
[EventCountry "GRE"]
[SourceTitle "playchess.com"]
[Source "ChessBase"]
[SourceQuality "1"]
[WhiteTeam "Apeldoorn"]
[BlackTeam "Grantham"]

1. e4 e5 2. Nf3 Nc6 3. Bb5 Nf6 4. d3 Bc5 5. Bxc6 dxc6 6. Qe2 Qe7 7. Nbd2 Bg4 8. Nc4 Bd6 9. h3 Bh5 10. g4 Bg6 11. Bg5 Qe6 12. Nh4 Nd7 13. f4 exf4 14. Nf5 O-O 15. Nd4 Qe8 16. Nxd6 cxd6 17. Bxf4 Ne5 18. O-O-O c5 19. Nf5 Qe6 20. Kb1 f6 21. d4 cxd4 22. Rxd4 Bxf5 23. exf5 Qe7 24. Rhd1 Rfd8 25. b3 Rd7 26. Qg2 Rad8 27. Bc1 Qf7 28. Rd5 Qe7 29. Ba3 Nf7 30. Qd2 h6 31. Re1 Ne5 32. Re4 b6 33. Qd1 Qf8 34. Red4 Nf7 35. Rd2 Qe7 36. Re2 Ne5 37. Re4 Qf8 38. Bb2 Qe7 39. a4 Qf7 40. Ba3 Qf8 41. h4 Kh7 42. Bc1 Re8 43. g5 Rc8 44. g6+ Kg8 45. Ba3 Rc6 46. Rdxe5 1-0

[Event "34th European Club Cup 2018"]
[Site "Halkidiki"]
[Date "2018.10.13"]
[Round "2"]
[White "Nikolovski, Nikola"]
[Black "Malikentzos, Sotirios"]
[Result "1-0"]
[WhiteElo "2369"]
[BlackElo "2441"]
[Annotator "TA"]
[PlyCount "119"]
[EventDate "2018.10.12"]
[EventType "team-tourn"]
[EventCountry "GRE"]
[SourceTitle "playchess.com"]
[Source "ChessBase"]
[SourceQuality "1"]
[WhiteTeam "Asseco SEE"]
[BlackTeam "Thessalonikis"]

1. e4 e6 2. d4 d5 3. Nc3 Bb4 4. e5 c5 5. a3 Ba5 6. b4 cxd4 7. Nb5 Bc7 8. f4 Bd7 9. Nf3 Bxb5 10. Bxb5+ Nc6 11. O-O Nge7 12. Bd3 Nf5 13. Qe2 Bb6 14. Bd2 Qd7 15. Kh1 g6 16. Rfb1 O-O 17. b5 Na5 18. Bb4 Rfc8 19. g4 Ne3 20. Rg1 Nac4 21. Qf2 Nb2 22. Qh4 Nxd3 23. cxd3 Bc5 24. Ng5 Bxb4 25. axb4 f6 26. exf6 Rf8 27. b6 h6 28. Qxh6 Rxf6 29. bxa7 b5 30. Nf3 Rxa7 31. Ne5 Qh7 32. Qg5 Rxa1 33. Qxf6 Qa7 34. Qxe6+ Kg7 35. Qxg6+ Kf8 36. Qh6+ Kg8 37. Qg5+ Kf8 38. Qf6+ Kg8 39. Qe6+ Kg7 40. Qg6+ Kf8 41. Qf6+ Kg8 42. Qd8+ Kg7 43. Qd7+ Qxd7 44. Nxd7 Rxg1+ 45. Kxg1 Nxg4 46. Ne5 Ne3 47. Kf2 Kf6 48. Kf3 Nc2 49. Nc6 Kf5 50. h3 Ne1+ 51. Ke2 Ng2 52. Nxd4+ Kxf4 53. Kf2 Nh4 54. Nxb5 Nf5 55. Nc3 Ke5 56. Ne2 d4 57. Kf3 Kd5 58. Kf4 Nh4 59. Kg4 Ng6 60. Nf4+ 1-0

[Event "34th European Club Cup 2018"]
[Site "Halkidiki"]
[Date "2018.10.13"]
[Round "2"]
[White "Rendle, Thomas E"]
[Black "Warmerdam, Max"]
[Result "1-0"]
[WhiteElo "2366"]
[BlackElo "2417"]
[Annotator "TA"]
[PlyCount "113"]
[EventDate "2018.10.12"]
[EventType "team-tourn"]
[EventCountry "GRE"]
[SourceTitle "playchess.com"]
[Source "ChessBase"]
[SourceQuality "1"]
[WhiteTeam "Grantham"]
[BlackTeam "Apeldoorn"]

1. e4 c5 2. Nf3 d6 3. Bb5+ Bd7 4. Bxd7+ Qxd7 5. O-O Nf6 6. Qe2 Nc6 7. Rd1 Rc8 8. c3 e6 9. d4 cxd4 10. Bg5 Be7 11. cxd4 O-O 12. Nc3 d5 13. Ne5 Qd8 14. Bxf6 Bxf6 15. exd5 exd5 16. Qb5 Re8 17. f4 Ne7 18. Qxb7 Rb8 19. Qxa7 Rxb2 20. Rab1 Rc2 21. Rbc1 Rxc1 22. Rxc1 Qc8 23. Ne2 Qf5 24. Qd7 Qxd7 25. Nxd7 Nf5 26. Nxf6+ gxf6 27. Kf2 Ra8 28. Rc5 Ra3 29. Rxd5 Ne3 30. Rd8+ Kg7 31. h3 Nd1+ 32. Kg1 Rxa2 33. Re8 Rd2 34. Ng3 f5 35. Nxf5+ Kf6 36. Re5 Nc3 37. Kf1 h5 38. g4 hxg4 39. hxg4 Kg6 40. Nh4+ Kf6 41. Nf3 Ra2 42. Ng5 Kg6 43. Nf3 Kf6 44. f5 Kg7 45. g5 Nd1 46. f6+ Kh7 47. Nh4 Rh2 48. Re4 Ne3+ 49. Kg1 Rh3 50. g6+ fxg6 51. Re7+ Kh6 52. f7 Kg7 53. Nxg6 Rg3+ 54. Kf2 Rxg6 55. Kxe3 Kf8 56. Rb7 Rg4 57. Kd3 1-0

[Event "34th European Club Cup 2018"]
[Site "Halkidiki"]
[Date "2018.10.13"]
[Round "2"]
[White "Podlesnik, Bogdan"]
[Black "Papadimitriou, Athanasios"]
[Result "0-1"]
[WhiteElo "2365"]
[BlackElo "2265"]
[Annotator "TA"]
[PlyCount "31"]
[EventDate "2018.10.12"]
[EventType "team-tourn"]
[EventCountry "GRE"]
[SourceTitle "playchess.com"]
[Source "ChessBase"]
[SourceQuality "1"]
[WhiteTeam "Asseco SEE"]
[BlackTeam "Thessalonikis"]

1. e4 d5 2. exd5 Qxd5 3. Nc3 Qd8 4. Bc4 Nf6 5. Nf3 a6 6. a4 Nc6 7. h3 Bf5 8. O-O e6 9. Re1 Be7 10. Nh4 Bxh3 11. gxh3 Qd4 12. Bxe6 Qxh4 13. Bd5 Nxd5 14. Nxd5 Qg5+ 15. Qg4 Qxd5 16. c4 0-1

[Event "34th European Club Cup 2018"]
[Site "Halkidiki"]
[Date "2018.10.13"]
[Round "2"]
[White "Lenaerts, Lennert"]
[Black "Bagi, Mate"]
[Result "1/2-1/2"]
[WhiteElo "2362"]
[BlackElo "2432"]
[Annotator "TA"]
[PlyCount "211"]
[EventDate "2018.10.12"]
[EventType "team-tourn"]
[EventCountry "GRE"]
[SourceTitle "playchess.com"]
[Source "ChessBase"]
[SourceQuality "1"]
[WhiteTeam "Aachen"]
[BlackTeam "Dunajska Streda"]

1. d4 Nf6 2. c4 g6 3. f3 c5 4. d5 Bg7 5. e4 d6 6. Ne2 O-O 7. Nec3 e6 8. Bg5 h6 9. Be3 exd5 10. cxd5 a6 11. a4 Nbd7 12. Be2 Nh5 13. g4 Bd4 14. Bxd4 cxd4 15. gxh5 Qh4+ 16. Kd2 dxc3+ 17. Nxc3 Qxh5 18. Kc2 f5 19. h4 f4 20. Qd4 Qe5 21. Qxe5 Nxe5 22. Ra3 b6 23. Rb3 Rb8 24. a5 b5 25. Na2 Bb7 26. Rc3 Rbc8 27. Nb4 Kg7 28. Kb3 Rxc3+ 29. bxc3 g5 30. hxg5 hxg5 31. Nc2 Bc8 32. Nd4 Bd7 33. Rf1 Kg6 34. Kb4 Rh8 35. Kb3 Rf8 36. Kb4 Rh8 37. Kb3 Rh2 38. c4 bxc4+ 39. Bxc4 Rd2 40. Nc6 Bxc6 41. dxc6 Nxc6 42. Kc3 Rh2 43. Rd1 Nxa5 44. Rxd6+ Kh5 45. Bxa6 Ra2 46. e5 Ra3+ 47. Kb4 Re3 48. e6 Re5 49. Bc8 g4 50. fxg4+ Kh4 51. e7 Rxe7 52. Kxa5 f3 53. Rf6 Kg3 54. Kb4 f2 55. g5 Kh4 56. Rxf2 Kxg5 57. Ba6 Rc7 58. Bc4 Ra7 59. Kc5 Ra5+ 60. Kd4 Ra4 61. Kd5 Ra5+ 62. Ke6 Ra4 63. Bd5 Ra6+ 64. Ke5 Ra5 65. Rg2+ Kh5 66. Rg1 Rb5 67. Ke4 Kh6 68. Be6 Rg5 69. Ra1 Kg7 70. Bf5 Rg2 71. Ke5 Re2+ 72. Be4 Kf7 73. Ra7+ Ke8 74. Kd5 Kf8 75. Bd3 Re7 76. Ra8+ Kg7 77. Be4 Kf6 78. Ra6+ Kg5 79. Rg6+ Kf4 80. Rf6+ Kg5 81. Rf8 Ra7 82. Ke5 Ra5+ 83. Bd5 Rb5 84. Rg8+ Kh5 85. Ke4 Kh6 86. Rg1 Ra5 87. Rd1 Kg5 88. Ke5 Rb5 89. Rg1+ Kh5 90. Ke4 Kh6 91. Bf7 Rg5 92. Rh1+ Kg7 93. Bd5 Kf6 94. Rf1+ Ke7 95. Rf7+ Kd6 96. Rf6+ Ke7 97. Rh6 Rg1 98. Kf5 Rf1+ 99. Ke5 Re1+ 100. Be4 Re2 101. Re6+ Kd7 102. Kf6 Rf2+ 103. Bf5 Kc7 104. Re7+ Kd6 105. Rd7+ Kc5 106. Ke5 1/2-1/2

[Event "34th European Club Cup 2018"]
[Site "Halkidiki"]
[Date "2018.10.13"]
[Round "2"]
[White "Cramling, Dan"]
[Black "Ootes, Lars"]
[Result "1-0"]
[WhiteElo "2358"]
[BlackElo "2372"]
[Annotator "NA"]
[PlyCount "65"]
[EventDate "2018.10.12"]
[EventType "team-tourn"]
[EventCountry "GRE"]
[SourceTitle "playchess.com"]
[Source "ChessBase"]
[SourceQuality "1"]
[WhiteTeam "Team Viking"]
[BlackTeam "BSG"]

1. d4 d6 2. c4 f5 3. Nc3 Nf6 4. Bg5 Nbd7 5. Qc2 g6 6. e3 c6 7. Nf3 Bg7 8. Be2 O-O 9. h3 e5 10. g4 fxg4 11. hxg4 Qa5 12. dxe5 dxe5 13. Nd2 e4 14. Bf4 Ne5 15. Nb3 Nd3+ 16. Bxd3 exd3 17. Qxd3 Qa6 18. f3 Be6 19. Nd2 Rad8 20. Qe2 Rf7 21. O-O-O Nd7 22. Nde4 Bxc3 23. Nxc3 Bxc4 24. Qh2 Bxa2 25. Rd6 Kf8 26. Bg5 Rc8 27. Rhd1 Bb3 28. Rxd7 Qa1+ 29. Nb1 Bxd1 30. Qd6+ Kg8 31. Rxf7 Bc2 32. Rg7+ Kxg7 33. Qd7+ 1-0

[Event "34th European Club Cup 2018"]
[Site "Halkidiki"]
[Date "2018.10.13"]
[Round "2"]
[White "Csonka, Attila Istvan"]
[Black "Kathstede, Gerd"]
[Result "1-0"]
[WhiteElo "2353"]
[BlackElo "2008"]
[Annotator "TA"]
[PlyCount "97"]
[EventDate "2018.10.12"]
[EventType "team-tourn"]
[EventCountry "GRE"]
[SourceTitle "playchess.com"]
[Source "ChessBase"]
[SourceQuality "1"]
[WhiteTeam "Dunajska Streda"]
[BlackTeam "Aachen"]

1. e4 c5 2. Nf3 d6 3. d4 cxd4 4. Nxd4 Nf6 5. Nc3 g6 6. Be2 Bg7 7. O-O O-O 8. Be3 Nc6 9. Nb3 Be6 10. f4 Qc8 11. h3 Rd8 12. Bf3 Bc4 13. Rf2 e5 14. Nd5 Nxd5 15. exd5 Ne7 16. Na5 Nf5 17. Bc1 Ba6 18. c3 Qc7 19. Nb3 Re8 20. Bg4 Ng3 21. f5 Ne4 22. Rc2 Qb6+ 23. Kh2 Nf2 24. Qe1 Nd3 25. Qe4 Nf2 26. Qe3 Qxe3 27. Bxe3 Nxg4+ 28. hxg4 b6 29. Rf2 gxf5 30. gxf5 Bf6 31. g4 e4 32. Kg2 Bc4 33. Rd1 Be5 34. Nc1 Rac8 35. b3 Ba6 36. c4 b5 37. cxb5 Bxb5 38. Ne2 Rc2 39. Nd4 Bxd4 40. Rxd4 Rxf2+ 41. Kxf2 Bd3 42. Rb4 Rc8 43. Bxa7 Rc2+ 44. Kg3 Rxa2 45. Rb8+ Kg7 46. Bd4+ Kh6 47. Rg8 Re2 48. Bf6 Re3+ 49. Kh4 1-0

[Event "34th European Club Cup 2018"]
[Site "Halkidiki"]
[Date "2018.10.13"]
[Round "2"]
[White "Ledger, Andrew J"]
[Black "McHugh, Kevin"]
[Result "1/2-1/2"]
[WhiteElo "2353"]
[BlackElo "2084"]
[Annotator "TA"]
[PlyCount "64"]
[EventDate "2018.10.12"]
[EventType "team-tourn"]
[EventCountry "GRE"]
[SourceTitle "playchess.com"]
[Source "ChessBase"]
[SourceQuality "1"]
[WhiteTeam "Blackthorne"]
[BlackTeam "St Benildus"]

1. e4 e6 2. d4 d5 3. Nd2 Nf6 4. e5 Nfd7 5. Bd3 c5 6. c3 Nc6 7. Ne2 cxd4 8. cxd4 f6 9. exf6 Nxf6 10. Nf3 Bd6 11. O-O O-O 12. Bf4 Bxf4 13. Nxf4 Qd6 14. g3 e5 15. dxe5 Nxe5 16. Nxe5 Qxe5 17. Bc2 b6 18. Qd3 Bb7 19. Qb5 Rac8 20. Rfe1 Qd6 21. Bf5 Rce8 22. Rad1 Rxe1+ 23. Rxe1 Rd8 24. Rd1 Re8 25. Bh3 h6 26. Bg2 Rd8 27. Qa4 Qb8 28. Qd4 Qd6 29. Re1 Rc8 30. Qd3 Qb4 31. Qb1 Qd2 32. Rd1 Qc2 1/2-1/2